Homenaje Nacional a Mariana Yampolsky (Record no. 9264)

MARC details
000 -CABECERA
campo de control de longitud fija 00935nam a2200241 a 4500
001 - NÚMERO DE CONTROL
campo de control BRL_452
005 - FECHA Y HORA DE LA ÚLTIMA TRANSACCIÓN
campo de control 20190320210740.0
008 - DATOS DE LONGITUD FIJA--INFORMACIÓN GENERAL
campo de control de longitud fija 140813s2002----mx-a######---#010-0#spa-#
020 ## - NÚMERO INTERNACIONAL ESTÁNDAR DEL LIBRO
Número Internacional Estándar del Libro 970189085X
050 #4 - SIGNATURA TOPOGRÁFICA DE LA BIBLIOTECA DEL CONGRESO
Número de clasificación TR646.M462
Número de documento/Ítem .H66 2002
245 10 - MENCIÓN DE TÍTULO
Título Homenaje Nacional a Mariana Yampolsky
Mención de responsabilidad, etc. [Sari Bermúdez ... et al.]
260 ## - PUBLICACIÓN, DISTRIBUCIÓN, ETC.
Lugar de publicación, distribución, etc. México
Nombre del editor, distribuidor, etc. CONACULTA
-- INBA
-- INAH
-- Fundación Cultural MAriana Yampolsky
Fecha de publicación, distribución, etc. 2002
300 ## - DESCRIPCIÓN FÍSICA
Extensión 142 p.
Otras características físicas il. (algunas a color)
Dimensiones 21 cm.
500 ## - NOTA GENERAL
Nota general Catalogo de exhibición del Museo Nacional de Antropología e Historia, México, Noviembre 2002 - Enero de 2003
500 ## - NOTA GENERAL
Nota general Au496
600 14 - PUNTO DE ACCESO ADICIONAL DE MATERIA--NOMBRE DE PERSONA
Nombre de persona Yampolsky, Mariana
Fechas asociadas al nombre 1925-
9 (RLIN) 23956
650 14 - PUNTO DE ACCESO ADICIONAL DE MATERIA--TÉRMINO DE MATERIA
Término de materia o nombre geográfico como elemento de entrada Fotografía artística
Subdivisión de forma Exposiciones
9 (RLIN) 23957
650 14 - PUNTO DE ACCESO ADICIONAL DE MATERIA--TÉRMINO DE MATERIA
Término de materia o nombre geográfico como elemento de entrada Fotografía
Subdivisión de forma Exposiciones
Subdivisión geográfica México
9 (RLIN) 23958
650 14 - PUNTO DE ACCESO ADICIONAL DE MATERIA--TÉRMINO DE MATERIA
Término de materia o nombre geográfico como elemento de entrada Fotógrafos
Subdivisión de forma Exposiciones
Subdivisión geográfica México
9 (RLIN) 5399
700 1# - PUNTO DE ACCESO ADICIONAL--NOMBRE DE PERSONA
Nombre de persona Bermúdez de Belsasso, Sara Guadalupe,
Fechas asociadas al nombre 1950-
9 (RLIN) 23959
902 ## - CATALOGADOR
Iniciales GRL
942 ## - ELEMENTOS DE PUNTO DE ACCESO ADICIONAL (KOHA)
Fuente del sistema de clasificación o colocación Library of Congress Classification
Tipo de ítem Koha Libros
Holdings
Estado de retiro Estado de pérdida Estado dañado No para préstamo Localización permanente Ubicación/localización actual Fecha de adquisición Número de inventario Total de préstamos Signatura topográfica completa Código de barras Fecha visto por última vez Precio válido a partir de Tipo de ítem Koha
El ejemplar forma parte de la colección y puede ser consultado según las políticas vigentes.       Biblioteca Centro de Estudios Ruth D. Lechuga Biblioteca Centro de Estudios Ruth D. Lechuga 14/08/2013 Au496   TR646.M462 .H66 2002 (Au496) GRL00487 22/03/2019 22/03/2019 Libros